Caricamento...

Treasury of the world's great speeches

Dettagli Bibliografici
Altri autori: Peterson, Houston (Redattore)
Natura: Printed Book
Lingua:English
Pubblicazione: New York Simon and Schuster 1965
Soggetti:
LEADER 00560nam a22001697a 4500
005 20151215130314.0
008 091027t xxu||||| |||| 00| 0 eng d
082 |a 825  |b PET 
100 |a Peterson, Houston  |e Editor  |9 5543 
245 |a Treasury of the world's   |b great speeches 
300 |a xxxii, 866p. 
653 |a Ancient world 
942 |c BK  |6 _ 
260 |a New York  |b Simon and Schuster  |c 1965 
500 |a Includes index 
999 |c 114711  |d 114711 
952 |0 0  |1 0  |2 ddc  |4 0  |6 825_PET  |7 0  |9 148781  |a SMS  |b SMS  |c DISPLAY  |d 2010-09-30  |o 825 PET  |p SMS007490  |r 2010-09-30  |w 2010-09-30  |y BK